[Event "Paris ch Open A"]
[Site "Paris FRA"]
[Date "2005.07.16"]
[Round "8.3"]
[White "Voiteanu, Gabriel"]
[Black "Carrillo, Jesus"]
[Result "1-0"]
[WhiteElo "2187"]
[BlackElo "2135"]
[PlyCount "123"]
[EventDate "2005.07.09"]
[EventType "swiss"]
[EventRounds "9"]
[EventCountry "FRA"]
[Source "lmi"]
[SourceDate "2005.07.17"]

1. d4 Nf6 2. c4 g6 3. Nc3 Bg7 4. e4 d6 5. Be2 O-O 6. Bg5 c5 7. d5 h6 8. Bf4 a6
9. a4 Kh7 10. Qd2 Qa5 11. Ra3 Nbd7 12. Nf3 Qc7 13. O-O Nh5 14. Be3 Nhf6 15. h3
Rg8 16. Bf4 Bf8 17. Bh2 g5 18. e5 Nxe5 19. Nxe5 dxe5 20. Qe3 Nd7 21. Bg4 Bg7
22. Bf5+ Kh8 23. Re1 f6 24. Be6 Rd8 25. h4 Nb6 26. hxg5 Nxc4 27. d6 Nxd6 28.
Bxc8 Qxc8 29. gxh6 Bf8 30. Rb3 Nf7 31. Qe4 Rd4 32. Qg6 Nxh6 33. Ne4 Qf5 34.
Qxf5 Nxf5 35. Nxc5 Rc4 36. Nd7 Rd8 37. Rxb7 Bh6 38. Bxe5 Rxa4 39. Nxf6 Bg7 40.
Nd7 Ra5 41. Bxg7+ Kxg7 42. g4 Rd5 43. Nb6 Rd1 44. Kf1 Rxe1+ 45. Kxe1 Nd4 46.
Rxe7+ Kf6 47. Rd7 Re8+ 48. Kf1 Nf3 49. Kg2 Ne5 50. Rd4 Ng6 51. Kg3 Ke5 52. Rd5+
Ke6 53. Ra5 Kd6 54. Rxa6 Ne5 55. Nc4+ Kd5 56. Nxe5 Kxe5 57. Rb6 Kd4 58. Rb7 Re1
59. Rd7+ Kc4 60. g5 Kb3 61. Rc7 Kxb2 62. Kg4 1-0

[Event "Paris ch Open A"]
[Site "Paris FRA"]
[Date "2005.07.16"]
[Round "8.4"]
[White "Meenakshi, S."]
[Black "Agrech, Pierre"]
[Result "1-0"]
[WhiteElo "2273"]
[BlackElo "2127"]
[PlyCount "155"]
[EventDate "2005.07.09"]
[EventType "swiss"]
[EventRounds "9"]
[EventCountry "FRA"]
[Source "lmi"]
[SourceDate "2005.07.17"]

1. c4 Nf6 2. Nc3 g6 3. g3 Bg7 4. Bg2 c5 5. d3 Nc6 6. Nf3 a6 7. O-O Rb8 8. a4
O-O 9. Bf4 d6 10. Qd2 Bg4 11. Ra3 Qd7 12. Re1 Rfe8 13. a5 Bh3 14. Bh1 Nb4 15.
Na4 e5 16. Be3 Qc7 17. Nb6 Ng4 18. Nd5 Nxd5 19. cxd5 Nxe3 20. Qxe3 b5 21. axb6
Rxb6 22. Nd2 e4 23. Nc4 Bxb2 24. Ra2 Bd4 25. Qh6 exd3 26. Qxh3 Rb4 27. Ne3 Bxe3
28. fxe3 Rxe3 29. Kf2 Qe7 30. Qh6 Rxe2+ 31. Rexe2 Qf6+ 32. Bf3 dxe2 33. Rxe2
Rb2 34. Qf4 Rxe2+ 35. Bxe2 Qd8 36. Bxa6 Qb6 37. Be2 Qb8 38. h4 h5 39. Qf6 Qb6
40. Kg2 Qb8 41. Qc3 Qe8 42. Kf3 Qd7 43. Bd3 Qh3 44. Bc4 Qh1+ 45. Ke2 Qg2+ 46.
Kd1 Qe4 47. Kc1 Qe7 48. Qd3 Qe5 49. Bb3 Qa1+ 50. Kd2 Qe5 51. Qe3 Qb2+ 52. Bc2
Qf6 53. Qf4 Qd8 54. Ke2 Kg7 55. Kf2 Qb6 56. Bd1 Qb2+ 57. Be2 Qb8 58. g4 hxg4
59. Qxg4 Qb2 60. Qf4 Qb8 61. Qg3 Qd8 62. Qg5 Qd7 63. h5 Qh3 64. hxg6 Qh2+ 65.
Ke1 fxg6 66. Bd3 Qh1+ 67. Kd2 Qh6 68. Qxh6+ Kxh6 69. Ke3 Kg5 70. Kf3 Kf6 71.
Kf4 g5+ 72. Ke4 Kg6 73. Be2 Kf6 74. Bh5 c4 75. Kd4 Kf5 76. Bf3 g4 77. Bh1 g3
78. Kxc4 1-0

[Event "Paris ch Open A"]
[Site "Paris FRA"]
[Date "2005.07.16"]
[Round "8.5"]
[White "Martsynovskaya, Marina"]
[Black "Saatdjian, Thomas"]
[Result "0-1"]
[WhiteElo "2252"]
[BlackElo "2074"]
[PlyCount "74"]
[EventDate "2005.07.09"]
[EventType "swiss"]
[EventRounds "9"]
[EventCountry "FRA"]
[Source "lmi"]
[SourceDate "2005.07.17"]

1. e4 c5 2. Nc3 Nc6 3. g3 g6 4. Bg2 Bg7 5. d3 d6 6. Be3 Rb8 7. Qd2 b5 8. Nge2
Nd4 9. O-O h5 10. a3 a5 11. Rab1 b4 12. axb4 axb4 13. Nd1 Nxe2+ 14. Qxe2 h4 15.
Bg5 hxg3 16. fxg3 Nf6 17. Nf2 Be6 18. g4 Nd7 19. h3 Be5 20. Nd1 f6 21. Be3 Nf8
22. Ra1 g5 23. c3 bxc3 24. bxc3 Ng6 25. d4 cxd4 26. cxd4 Bf4 27. d5 Bd7 28. Nc3
Kf7 29. Ra7 Rb2 30. Qe1 Bxg4 31. Na4 Rxg2+ 32. Kxg2 Bxh3+ 33. Kf2 Bxf1 34. Qxf1
Rh2+ 35. Ke1 Bxe3 36. Ra6 Qh8 37. Qf5 Qh4+ 0-1

[Event "Paris ch Open A"]
[Site "Paris FRA"]
[Date "2005.07.16"]
[Round "8.6"]
[White "Eche, Sylvain"]
[Black "Guyot, Emmanuel"]
[Result "1/2-1/2"]
[WhiteElo "2187"]
[BlackElo "2071"]
[PlyCount "83"]
[EventDate "2005.07.09"]
[EventType "swiss"]
[EventRounds "9"]
[EventCountry "FRA"]
[Source "lmi"]
[SourceDate "2005.07.17"]

1. e4 Nf6 2. e5 Nd5 3. c4 Nb6 4. d4 d6 5. exd6 cxd6 6. Be3 g6 7. Nc3 Bg7 8. Rc1
O-O 9. Nf3 Bg4 10. Be2 Nc6 11. b3 d5 12. c5 Nc8 13. O-O e6 14. b4 Bxf3 15. Bxf3
Qf6 16. Ne2 a6 17. Qd2 h6 18. a4 Kh7 19. Rfd1 N8e7 20. Ng3 Rfd8 21. Be2 e5 22.
dxe5 Nxe5 23. Qc2 Kg8 24. b5 h5 25. Bf1 h4 26. Ne2 Nf5 27. Bd4 Nxd4 28. Nxd4
Qf4 29. h3 axb5 30. axb5 Ra3 31. Ne2 Qb4 32. Rb1 Qa5 33. Nd4 Ra2 34. Qc1 Nc4
35. Qg5 Nd2 36. Rxd2 Qxd2 37. Qxd8+ Bf8 38. Ne2 Kg7 39. c6 Bc5 40. cxb7 Bxf2+
41. Kxf2 Qd4+ 42. Ke1 1/2-1/2

[Event "Paris ch Open A"]
[Site "Paris FRA"]
[Date "2005.07.16"]
[Round "8.7"]
[White "Faby, Fabrice"]
[Black "Rabineau, Clement"]
[Result "1-0"]
[WhiteElo "2111"]
[BlackElo "2179"]
[PlyCount "167"]
[EventDate "2005.07.09"]
[EventType "swiss"]
[EventRounds "9"]
[EventCountry "FRA"]
[Source "lmi"]
[SourceDate "2005.07.17"]

1. c4 e5 2. g3 Nf6 3. Bg2 Bc5 4. Nc3 O-O 5. e3 Nc6 6. Nge2 d6 7. O-O Bb6 8. b3
Re8 9. d3 Bf5 10. e4 Bg4 11. h3 Bh5 12. Kh2 Nd4 13. f3 c6 14. Nxd4 Bxd4 15. Bb2
d5 16. Qc2 Bg6 17. Rad1 Qe7 18. Na4 Bxb2 19. Nxb2 Rac8 20. Rc1 Rcd8 21. Rfd1
Rd7 22. h4 dxe4 23. dxe4 Red8 24. Bh3 Rd4 25. Rd3 Rxd3 26. Nxd3 Ne8 27. Rd1 f6
28. Nf2 Bf7 29. Rd3 Rxd3 30. Nxd3 Nc7 31. Qf2 Qd6 32. Qe3 b6 33. c5 Qd4 34.
Qxd4 exd4 35. Bd7 Be8 36. Bxe8 Nxe8 37. Kg2 Nc7 38. Kf2 Na6 39. b4 Kf8 40. a3
Ke7 41. Ke2 Nb8 42. Nb2 Nd7 43. Na4 g5 44. f4 gxh4 45. gxh4 f5 46. Kd3 b5 47.
Nb2 Nf6 48. exf5 Nd5 49. Ke4 Kf6 50. Nd3 Ne3 51. Ne5 Nxf5 52. Nxc6 a6 53. Nxd4
Nxh4 54. c6 Ng6 55. c7 Ne7 56. Nc6 Nc8 57. Nb8 h5 58. Nxa6 h4 59. Nc5 Ke7 60.
Kf3 Kd6 61. Kg4 Kxc7 62. Kxh4 Kd6 63. Kg5 Kd5 64. f5 Nd6 65. Kg6 Nc4 66. Kg7
Nd6 67. f6 Ne8+ 68. Kf7 Nd6+ 69. Ke7 Nf5+ 70. Kd8 Nd6 71. Ke7 Nf5+ 72. Kf7 Kd6
73. Ne4+ Kd7 74. Kg6 Nh4+ 75. Kg5 Nf3+ 76. Kf4 Nd4 77. Nc5+ Ke8 78. Ke4 Nc2 79.
Ke5 Kf7 80. Ne4 Kf8 81. Ng5 Ke8 82. Kd6 Kf8 83. f7 Nd4 84. Ne6+ 1-0

[Event "Paris ch Open A"]
[Site "Paris FRA"]
[Date "2005.07.16"]
[Round "8.8"]
[White "Aurel, Luc"]
[Black "Poelstra, Bernard"]
[Result "1/2-1/2"]
[WhiteElo "2167"]
[BlackElo "2070"]
[PlyCount "75"]
[EventDate "2005.07.09"]
[EventType "swiss"]
[EventRounds "9"]
[EventCountry "FRA"]
[Source "lmi"]
[SourceDate "2005.07.17"]

1. Nf3 Nf6 2. g3 b6 3. Bg2 Bb7 4. c4 e6 5. O-O Be7 6. b3 c5 7. Bb2 O-O 8. e3 d6
9. Nc3 Nbd7 10. d4 Ne4 11. Qc2 Nxc3 12. Bxc3 Qc7 13. Rfd1 Nf6 14. Ne1 Bxg2 15.
Kxg2 Qc6+ 16. Kg1 Rac8 17. Rac1 h5 18. d5 Qd7 19. Qe2 g6 20. Ng2 e5 21. f3 Qh3
22. e4 Nd7 23. Rf1 h4 24. gxh4 f5 25. f4 Bxh4 26. fxe5 dxe5 27. Nxh4 Qxh4 28.
exf5 Rxf5 29. Rxf5 gxf5 30. Rf1 f4 31. Kh1 Re8 32. Qe4 Qh5 33. Rg1+ Kf7 34. Qg2
Qh7 35. d6 Rg8 36. Qd5+ Kf8 37. Qa8+ Kf7 38. Qd5+ 1/2-1/2

[Event "Paris ch Open A"]
[Site "Paris FRA"]
[Date "2005.07.16"]
[Round "8.9"]
[White "Pozdnjakov, Viatcheslav"]
[Black "Toulzac, Pierre-Yves"]
[Result "1/2-1/2"]
[WhiteElo "2137"]
[BlackElo "2274"]
[PlyCount "93"]
[EventDate "2005.07.09"]
[EventType "swiss"]
[EventRounds "9"]
[EventCountry "FRA"]
[Source "lmi"]
[SourceDate "2005.07.17"]

1. d4 f5 2. g3 Nf6 3. Bg2 g6 4. Nf3 Bg7 5. O-O O-O 6. c4 d6 7. Nc3 Qe8 8. d5 a5
9. Be3 Bd7 10. h3 h6 11. Bd4 Na6 12. Re1 c5 13. Bxf6 exf6 14. e4 fxe4 15. Rxe4
Qf7 16. Qd2 f5 17. Re2 g5 18. Rae1 Rfe8 19. Nb5 Rxe2 20. Rxe2 Qf8 21. Qxa5 Nb4
22. Qb6 Rxa2 23. Qxb7 Bxb5 24. Qxb5 Kh7 25. Qd7 Nd3 26. Re6 Rxb2 27. Rxd6 Nxf2
28. Qe6 Ne4 29. Qg6+ Kh8 30. Re6 Nxg3 31. Re8 Ne2+ 32. Kh2 Nf4 33. Rxf8+ Bxf8
34. Qxf5 Bg7 35. Qc8+ Kh7 36. Qf5+ Kg8 37. Qg4 Rxg2+ 38. Qxg2 Nxg2 39. Kxg2 Bc3
40. Kf2 Kf7 41. Ke3 Kf6 42. Kd3 Ba5 43. Ke4 Bc7 44. Ne1 h5 45. Nd3 Bd6 46. Nf2
Bg3 47. Nd3 1/2-1/2

[Event "Paris ch Open A"]
[Site "Paris FRA"]
[Date "2005.07.16"]
[Round "8.10"]
[White "Debeaune, Robin"]
[Black "Debray, Christopher"]
[Result "0-1"]
[WhiteElo "2124"]
[BlackElo "2272"]
[PlyCount "56"]
[EventDate "2005.07.09"]
[EventType "swiss"]
[EventRounds "9"]
[EventCountry "FRA"]
[Source "lmi"]
[SourceDate "2005.07.17"]

1. g3 Nf6 2. Bg2 g6 3. Nf3 Bg7 4. O-O O-O 5. d4 d5 6. Ne5 Nbd7 7. f4 c5 8. c3
Ne4 9. Nxd7 Bxd7 10. dxc5 Qc7 11. Be3 Be6 12. Bxe4 dxe4 13. Qc2 Bh3 14. Rd1 e5
15. b4 Bh6 16. Qc1 Rad8 17. Rxd8 Rxd8 18. Na3 Qc6 19. Qe1 Qf6 20. Nb5 exf4 21.
Bxf4 e3 22. Bd6 Re8 23. Nd4 g5 24. Rd1 g4 25. Nc2 Qg6 26. Rd4 Qxc2 27. b5 Qf5
28. Bf4 Bg7 0-1

[Event "Paris ch Open A"]
[Site "Paris FRA"]
[Date "2005.07.17"]
[Round "9.1"]
[White "Helstroffer, Arnaud"]
[Black "Voiteanu, Gabriel"]
[Result "1-0"]
[WhiteElo "2264"]
[BlackElo "2187"]
[PlyCount "54"]
[EventDate "2005.07.09"]
[EventType "swiss"]
[EventRounds "9"]
[EventCountry "FRA"]
[Source "lmi"]
[SourceDate "2005.07.17"]

1. e4 d5 2. exd5 Qxd5 3. Nc3 Qa5 4. d4 Nf6 5. Bc4 c6 6. Bd2 Bf5 7. Qe2 Qd8 8.
O-O-O Qxd4 9. Nf3 Qc5 10. Na4 Qd6 11. Ne5 Nd5 12. g4 Be6 13. Nc3 f6 14. Bxd5
cxd5 15. Nd3 Bd7 16. Bf4 Qe6 17. Qf3 Qxg4 18. Qxd5 Bc6 19. Qc4 Bxh1 20. Rxh1
Na6 21. Re1 Qd7 22. Nb5 Qc6 23. Nd6+ Kd7 24. Qe6+ Kc7 25. Nf7+ Kb6 26. Qb3+ Qb5
27. Re6+ Ka5 1-0

[Event "Paris ch Open A"]
[Site "Paris FRA"]
[Date "2005.07.17"]
[Round "9.2"]
[White "Gervasio, Ricardo"]
[Black "Meenakshi, S."]
[Result "1/2-1/2"]
[WhiteElo "2255"]
[BlackElo "2273"]
[PlyCount "105"]
[EventDate "2005.07.09"]
[EventType "swiss"]
[EventRounds "9"]
[EventCountry "FRA"]
[Source "lmi"]
[SourceDate "2005.07.17"]

1. d4 d5 2. Nf3 Nf6 3. c4 c6 4. cxd5 cxd5 5. Nc3 Nc6 6. Bf4 Bf5 7. Qb3 Na5 8.
Qa4+ Bd7 9. Qd1 Qb6 10. Rb1 e6 11. e3 Nc4 12. Bxc4 dxc4 13. O-O Bd6 14. Ne5 Rc8
15. b3 Qa5 16. Nxd7 Kxd7 17. Bxd6 Qxc3 18. Be5 cxb3 19. Rxb3 Qc6 20. d5 exd5
21. Rc3 Qe6 22. Qa4+ Rc6 23. Rb1 Rhc8 24. Rxb7+ Kd8 25. Rxc6 Qxc6 26. Bxf6+
gxf6 27. Qxc6 Rxc6 28. h4 Rc7 29. Rb5 Rd7 30. Rb4 Ke7 31. Kh2 Ke6 32. Kg3 Rc7
33. Ra4 Ke5 34. Kf3 f5 35. g3 Rb7 36. Ra6 Rc7 37. a4 Rb7 38. h5 Rd7 39. h6 Rb7
40. Rc6 Rb6 41. Rxb6 axb6 42. Ke2 d4 43. Kd3 dxe3 44. Kxe3 Kd5 45. Kd3 Kc5 46.
Kc3 Kd5 47. Kb4 Kc6 48. Kc4 Kd6 49. Kb5 Kc7 50. Ka6 Kc6 51. f3 f4 52. gxf4 f5
53. Ka7 1/2-1/2

[Event "Paris ch Open A"]
[Site "Paris FRA"]
[Date "2005.07.17"]
[Round "9.3"]
[White "Lacrosse, Marc"]
[Black "Faby, Fabrice"]
[Result "1-0"]
[WhiteElo "2242"]
[BlackElo "2111"]
[PlyCount "43"]
[EventDate "2005.07.09"]
[EventType "swiss"]
[EventRounds "9"]
[EventCountry "FRA"]
[Source "lmi"]
[SourceDate "2005.07.17"]

1. d4 e6 2. c4 Nf6 3. Nf3 b6 4. a3 Bb7 5. Nc3 d5 6. Bg5 Be7 7. Bxf6 Bxf6 8.
cxd5 exd5 9. g3 O-O 10. Bg2 Nd7 11. O-O Re8 12. e3 Rc8 13. Rc1 a6 14. Qb3 c6
15. Rc2 b5 16. Na4 Rc7 17. Nc5 Bc8 18. Nxd7 Bxd7 19. Rfc1 Qc8 20. Nd2 h5 21.
Bxd5 Be6 22. Rxc6 1-0

[Event "Paris ch Open A"]
[Site "Paris FRA"]
[Date "2005.07.17"]
[Round "9.4"]
[White "Saatdjian, Thomas"]
[Black "Cruz Alvarez De Ron, Dan"]
[Result "0-1"]
[WhiteElo "2074"]
[BlackElo "2186"]
[PlyCount "66"]
[EventDate "2005.07.09"]
[EventType "swiss"]
[EventRounds "9"]
[EventCountry "FRA"]
[Source "lmi"]
[SourceDate "2005.07.17"]

1. Nf3 g6 2. c4 Bg7 3. Nc3 d6 4. d4 Nd7 5. e4 e5 6. Be2 Ne7 7. O-O O-O 8. Rb1
c6 9. d5 cxd5 10. cxd5 f5 11. Nd2 Nf6 12. f3 Kh8 13. Nc4 Neg8 14. Be3 Bh6 15.
Bf2 fxe4 16. fxe4 b5 17. Nxb5 Nxe4 18. Bxa7 Ba6 19. Bb6 Qh4 20. Ncxd6 Bf4 21.
Rxf4 Qxf4 22. Nxe4 Qxe4 23. a4 Nf6 24. Bf3 Qb4 25. Qe1 Qxa4 26. Nc7 e4 27. Nxa8
exf3 28. Qe7 Kg8 29. Nc7 Qc2 30. gxf3 Qxb1+ 31. Kg2 Qf1+ 32. Kg3 Be2 33. Qe3
Qe1+ 0-1

[Event "Paris ch Open A"]
[Site "Paris FRA"]
[Date "2005.07.17"]
[Round "9.5"]
[White "Debray, Christopher"]
[Black "Serafimov, Dimitar"]
[Result "1-0"]
[WhiteElo "2272"]
[BlackElo "2174"]
[PlyCount "151"]
[EventDate "2005.07.09"]
[EventType "swiss"]
[EventRounds "9"]
[EventCountry "FRA"]
[Source "lmi"]
[SourceDate "2005.07.17"]

1. e4 c6 2. d4 d5 3. Nc3 dxe4 4. Nxe4 Bf5 5. Ng3 Bg6 6. h4 h6 7. Nf3 Nd7 8. h5
Bh7 9. Bd3 Bxd3 10. Qxd3 Qc7 11. Bd2 O-O-O 12. O-O-O e6 13. Qe2 Ngf6 14. Ne5
Nb6 15. c4 Rxd4 16. Ba5 Rxd1+ 17. Rxd1 Rg8 18. Kb1 Bd6 19. Nxf7 Qxf7 20. Rxd6
Re8 21. Rd1 Nbd7 22. Bb4 c5 23. Ba5 Qe7 24. Qd2 Nb8 25. Qe3 Nc6 26. Bc3 Rd8 27.
Re1 Nd4 28. Bxd4 cxd4 29. Qxe6+ Qxe6 30. Rxe6 d3 31. Kc1 Rd4 32. Kd2 Kd7 33.
Re7+ Kxe7 34. Nf5+ Ke6 35. Nxd4+ Ke5 36. Kxd3 Nxh5 37. g3 g5 38. c5 a6 39. b4
Nf6 40. c6 bxc6 41. Nxc6+ Kd5 42. Nb8 Ne4 43. Ke3 Nc3 44. a3 Nb5 45. Nxa6 Nxa3
46. Kf3 h5 47. Nc7+ Ke5 48. b5 Nc4 49. Ne8 Kf5 50. Ke2 Nb6 51. Ke3 Nc8 52. Kf3
Nb6 53. Nd6+ Ke6 54. Ne4 Kf5 55. Nd2 Ke5 56. Nf1 Kf5 57. Ke3 Kg4 58. Nh2+ Kh3
59. Nf3 Kg4 60. Ne5+ Kf5 61. Kd4 h4 62. gxh4 gxh4 63. Nf3 Kg4 64. Ke4 Na4 65.
Ne5+ Kg5 66. f4+ Kf6 67. Kf3 Kf5 68. Nc4 Ke6 69. Kg4 Kd5 70. f5 Nc5 71. Ne3+
Ke4 72. Kxh4 Nb7 73. Kg5 Kd4 74. Nc2+ Kc3 75. Na3 Kb4 76. f6 1-0

[Event "Paris ch Open A"]
[Site "Paris FRA"]
[Date "2005.07.17"]
[Round "9.7"]
[White "Baron, Thierry"]
[Black "Pozdnjakov, Evgueniy"]
[Result "1/2-1/2"]
[WhiteElo "2147"]
[BlackElo "2243"]
[PlyCount "73"]
[EventDate "2005.07.09"]
[EventType "swiss"]
[EventRounds "9"]
[EventCountry "FRA"]
[Source "lmi"]
[SourceDate "2005.07.17"]

1. e4 e6 2. d4 d5 3. Nc3 Nf6 4. e5 Nfd7 5. Nce2 c5 6. c3 Nc6 7. Nf3 Qb6 8. a3
a5 9. Nf4 a4 10. g3 h6 11. h4 g6 12. Bh3 Ne7 13. Rb1 Qa5 14. O-O Nb6 15. Qd3
Bd7 16. Re1 Nf5 17. Bxf5 gxf5 18. Nh5 O-O-O 19. dxc5 Nc4 20. Be3 Nxe3 21. Qxe3
Bxc5 22. Nd4 Qb6 23. Qd2 Kb8 24. Nf4 Rhg8 25. b4 Be7 26. Kh2 Bb5 27. Rbd1 Bc4
28. Qe3 Qa6 29. Rd2 Rg4 30. Rdd1 Rdg8 31. Nf3 Qc6 32. Kh3 Bd8 33. Nh2 Bb6 34.
Rd4 R4g7 35. Nh5 Rg6 36. Nf4 R6g7 37. Nh5 1/2-1/2

[Event "Paris ch Open A"]
[Site "Paris FRA"]
[Date "2005.07.17"]
[Round "9.8"]
[White "Carrillo, Jesus"]
[Black "Xheladini, Mahmut"]
[Result "1-0"]
[WhiteElo "2135"]
[BlackElo "2242"]
[PlyCount "111"]
[EventDate "2005.07.09"]
[EventType "swiss"]
[EventRounds "9"]
[EventCountry "FRA"]
[Source "lmi"]
[SourceDate "2005.07.17"]

1. e4 c6 2. d4 d6 3. a4 Nf6 4. Nc3 Nbd7 5. Nf3 e5 6. Bc4 h6 7. O-O Qc7 8. h3
Be7 9. Re1 Nf8 10. b3 g5 11. Nh2 Ng6 12. a5 Nf4 13. Bxf4 gxf4 14. Nf3 Nh7 15.
Kh2 Bf6 16. dxe5 dxe5 17. b4 Be7 18. Rb1 Ng5 19. Qe2 Nxf3+ 20. Qxf3 h5 21. Kg1
Rh7 22. Red1 Bd7 23. b5 Qxa5 24. bxc6 bxc6 25. Rb7 Bc8 26. Rb3 Qc5 27. Nd5 Bd8
28. Qd3 Be6 29. Rc3 Kf8 30. Nxf4 Ba5 31. Nxe6+ fxe6 32. Rb3 Rd8 33. Qf3+ Rf7
34. Rxd8+ Bxd8 35. Qe2 Bb6 36. Rf3 Rxf3 37. Qxf3+ Ke7 38. Bb3 Qd4 39. g4 hxg4
40. hxg4 Qd2 41. Kg2 Bd4 42. Qg3 Qf4 43. Qxf4 exf4 44. Kf3 Be5 45. g5 a5 46.
Kg4 Kd6 47. Kh5 Kc5 48. Bxe6 Kd4 49. f3 Kc3 50. Kg4 a4 51. Kf5 Bh8 52. e5 c5
53. Ba2 Kb2 54. Bd5 Kc3 55. e6 c4 56. e7 1-0

[Event "Paris ch Open A"]
[Site "Paris FRA"]
[Date "2005.07.17"]
[Round "9.9"]
[White "Birens, Eric-Andre"]
[Black "Chanoine, Guillaume"]
[Result "1-0"]
[WhiteElo "2104"]
[BlackElo "2200"]
[PlyCount "69"]
[EventDate "2005.07.09"]
[EventType "swiss"]
[EventRounds "9"]
[EventCountry "FRA"]
[Source "lmi"]
[SourceDate "2005.07.17"]

1. d4 Nf6 2. c4 c5 3. d5 e6 4. Nc3 exd5 5. cxd5 d6 6. e4 g6 7. Bd3 Bg7 8. h3
O-O 9. Nf3 Re8 10. O-O a6 11. a4 Nbd7 12. Re1 Qc7 13. Bf4 Rb8 14. Qd2 Nh5 15.
Bh2 Ne5 16. Be2 Nf6 17. Nxe5 dxe5 18. f4 Bh6 19. d6 Qc6 20. Bf3 Nd7 21. Rad1 b5
22. axb5 axb5 23. Qf2 b4 24. Nd5 Qxd6 25. fxe5 Nxe5 26. Kh1 Qc6 27. Qh4 g5 28.
Qg3 Bd7 29. Qxe5 Rxe5 30. Bxe5 Ra8 31. Nf6+ Qxf6 32. Bxf6 Be6 33. Rd8+ Rxd8 34.
Bxd8 Bg7 35. e5 1-0

[Event "Paris ch Open A"]
[Site "Paris FRA"]
[Date "2005.07.17"]
[Round "9.10"]
[White "Guyot, Emmanuel"]
[Black "Maisuradze, Nino"]
[Result "0-1"]
[WhiteElo "2071"]
[BlackElo "2196"]
[PlyCount "78"]
[EventDate "2005.07.09"]
[EventType "swiss"]
[EventRounds "9"]
[EventCountry "FRA"]
[Source "lmi"]
[SourceDate "2005.07.17"]

1. d4 d5 2. Nc3 Bf5 3. Bg5 c6 4. e3 Nd7 5. Bd3 Bxd3 6. cxd3 Qb6 7. Nge2 f6 8.
Bh4 e5 9. dxe5 fxe5 10. O-O Ngf6 11. d4 Bd6 12. Bg3 O-O 13. dxe5 Bxe5 14. Bxe5
Nxe5 15. Qd4 Qc7 16. e4 dxe4 17. Nxe4 Rad8 18. Nxf6+ Rxf6 19. Qxa7 Ng4 20. Ng3
Rdf8 21. f4 h5 22. h3 Nh6 23. Nxh5 Rg6 24. Rf3 Rf5 25. Rg3 Qf7 26. Qb8+ Kh7 27.
Re1 Rxh5 28. Rxg6 Qxg6 29. Re8 Qb1+ 30. Kh2 Ng4+ 31. Kg3 Nf6 32. Rh8+ Kg6 33.
Rxh5 Nxh5+ 34. Kh2 Qe4 35. Qd6+ Kh7 36. Qd7 Qxf4+ 37. Kh1 Ng3+ 38. Kh2 Ne2+ 39.
Kh1 Qf1+ 0-1